| 000 | 00851cam a22002897a 4500 | ||
|---|---|---|---|
| 001 | 14180281 | ||
| 003 | OSt | ||
| 005 | 20230602101910.0 | ||
| 008 | 041206s2004 ke 001 0 eng | ||
| 010 | _a 2004411341 | ||
| 020 |
_a9966701907 _z966701907 |
||
| 035 | _a(DLC) 2004411341 | ||
| 040 |
_aDLC _cDLC |
||
| 042 | _alcode | ||
| 043 | _af-ke--- | ||
| 082 |
_a364.132 _bKID |
||
| 100 | 1 |
_aKidombo, Pius K. _q(Pius Kipketer) |
|
| 245 | 1 | 4 |
_aThe faces of corruption / _cPius K. Kidombo ; edited by Harriet J. Kidombo. |
| 260 |
_aNairobi, Kenya : _bSino Printers and Publishers, _c2004. |
||
| 300 |
_aiv, 53 p. ; _c21 cm. |
||
| 500 | _aIncludes index. | ||
| 650 | 0 |
_aCorruption _zKenya. |
|
| 700 | 1 | _aKidombo, Harriet J. | |
| 906 |
_a7 _bcbc _corigode _d3 _encip _f20 _gy-gencatlg |
||
| 942 |
_2ddc _cBK |
||
| 999 |
_c53 _d53 |
||